Black Sabbath Albums Tile Select - Statistics

General Stats
  • This quiz has been taken 101 times
  • The average score is 40 of 48
Answer Stats
Question Tile Select % Correct
the following songs that are on Black Sabbath (1970). Black Sabbath Yes
98%
the following songs that are on Black Sabbath (1970). Orchid No
96%
the following songs that are on Paranoid (1970). Am I Going Insane (Radio) No
95%
the following songs that are on Paranoid (1970). Iron Man Yes
95%
the following songs that are on Paranoid (1970). War Pigs Yes
95%
the following songs that are on Black Sabbath (1970). Fairies Wear Boots No
94%
the following songs that are on Black Sabbath (1970). The Wizard Yes
94%
the following songs that are on Paranoid (1970). Warning No
94%
the following songs that are on Master of Reality (1971). Spiral Architect No
92%
the following songs that are on Master of Reality (1971). Children of the Grave Yes
90%
the following songs that are on Paranoid (1970). Wicked World No
90%
the following songs that are on Master of Reality (1971). Sleeping Village No
89%
the following songs that are on Master of Reality (1971). Sweet Leaf Yes
88%
the following songs that are on Black Sabbath (1970). N.I.B. Yes
87%
the following songs that are on Sabbath Bloody Sabbath (1973). Sabbra Cadabra Yes
87%
the following songs that are on Master of Reality (1971). Hole in the Sky No
86%
the following songs that are on Paranoid (1970). Planet Caravan Yes
84%
the following songs that are on Vol. 4 (1972). She's Gone No
84%
the following songs that are on Vol. 4 (1972). Gypsy No
83%
the following songs that are on Sabbath Bloody Sabbath (1973). Megalomania No
83%
the following songs that are on Vol. 4 (1972). Snowblind Yes
83%
the following songs that are on Vol. 4 (1972). Changes Yes
82%
the following songs that are on Vol. 4 (1972). Embryo No
82%
the following songs that are on Vol. 4 (1972). Into the Void No
82%
the following songs that are on Sabbath Bloody Sabbath (1973). Killing Yourself to Live Yes
82%
the following songs that are on Paranoid (1970). Rat Salad Yes
82%
the following songs that are on Sabbath Bloody Sabbath (1973). A National Acrobat Yes
81%
the following songs that are on Vol. 4 (1972). Supernaut Yes
81%
the following songs that are on Master of Reality (1971). Wheels of Confusion No
81%
the following songs that are on Paranoid (1970). Electric Funeral Yes
80%
the following songs that are on Heaven and Hell (1980). Hard Road No
80%
the following songs that are on Sabbath Bloody Sabbath (1973). Under the Sun No
80%
the following songs that are on Heaven and Hell (1980). Voodoo No
80%
the following songs that are on Black Sabbath (1970). Evil Woman Yes
78%
the following songs that are on Master of Reality (1971). After Forever Yes
77%
the following songs that are on Heaven and Hell (1980). Children of the Sea Yes
77%
the following songs that are on Sabbath Bloody Sabbath (1973). Cornucopia No
77%
the following songs that are on Paranoid (1970). Hand of Doom Yes
77%
the following songs that are on Master of Reality (1971). Lord of This World Yes
77%
the following songs that are on Heaven and Hell (1980). Neon Knights Yes
77%
the following songs that are on Vol. 4 (1972). Symptom of the Universe No
77%
the following songs that are on Master of Reality (1971). Solitude Yes
76%
the following songs that are on Vol. 4 (1972). Tomorrow's Dream Yes
73%
the following songs that are on Heaven and Hell (1980). Die Young Yes
72%
the following songs that are on Heaven and Hell (1980). Turn Up the Night No
72%
the following songs that are on Heaven and Hell (1980). Falling Off the Edge of the World No
70%
the following songs that are on Heaven and Hell (1980). Lady Evil Yes
70%
the following songs that are on Heaven and Hell (1980). Wishing Well Yes
64%
No matching quizzes found
Score Distribution
Percent of People with Each Score
Percentile by Number Answered
Your Score History
You have not taken this quiz